000 00737nam a2200121Ia 4500
008 220620s9999||||xx |||||||||||||| ||und||
100 _aNí Mhurchú, Aoileann
245 0 _aAmbiguous Citizenship in an Age of Global Migration
546 _aEnglish[eng]
650 _aPolitical Science||Migration||Immigration||Social theory||Politics||Ireland||Irish nationality law||Julia Kristeva||Jus soli||Nation state||Sovereignty||Statism||Subjectivity||Twenty-seventh Amendment of the Constitution of Ireland
856 _uhttps://library.oapen.org/bitstream/20.500.12657/30808/1/642694.pdf||https://library.oapen.org/bitstream/20.500.12657/30808/1/642694.pdf||https://library.oapen.org/bitstream/20.500.12657/30808/1/642694.pdf
942 _cEB
999 _c22863
_d22863